Statistics for TNA / Impact Wrestling - Austin Aries' PPV Opponents

Click here to take the quiz!

General Stats

  • This quiz has been taken 41 times
  • The average score is 51 of 79

Answer Stats

YearEventMatch TypeAnswer% Correct
2012Lockdown5 vs. 5 Lethal Lockdown MatchBully Ray
87%
2012Final ResolutionBully Ray
87%
2012SacrificeBully Ray
87%
2012Lockdown5 vs. 5 Lethal Lockdown MatchChristopher Daniels
87%
2013Slammiversary4-Team Elimination MatchChristopher Daniels
87%
2013Lockdown3-Team MatchChristopher Daniels
87%
2005SacrificeChristopher Daniels
87%
2005Genesis8-Man Tag Team MatchChristopher Daniels
87%
2013Bound for Glory5-Way Ultimate X MatchChris Sabin
83%
2006Final Resolution6-Man Tag Team MatchChris Sabin
83%
2013Genesis3-Way Elimination MatchJeff Hardy
83%
2013Bound for Glory5-Way Ultimate X MatchJeff Hardy
83%
2012Bound for GloryJeff Hardy
83%
2012Turning PointLadder MatchJeff Hardy
83%
2012SlammiversarySamoa Joe
83%
2005Genesis8-Man Tag Team MatchSamoa Joe
83%
2013Bound for Glory5-Way Ultimate X MatchSamoa Joe
83%
2014Lockdown4 vs. 4 Lethal Lockdown MatchWillow
83%
2011Hardcore JusticeTriple Threat MatchAlex Shelley
78%
2005Turning PointTag Team MatchAlex Shelley
78%
2007Final ResolutionPCS Tournament FinalsAlex Shelley
78%
2006Turning Point5-Way Elimination MatchAlex Shelley
78%
2012Against All OddsAlex Shelley
78%
2005Genesis8-Man Tag Team MatchAlex Shelley
78%
2012Destination XBobby Roode
78%
2012Hardcore JusticeLast Chance MatchBobby Roode
78%
2013Genesis3-Way Elimination MatchBobby Roode
78%
2014SlammiversaryTriple Threat Steel Cage MatchEric Young
78%
2012Lockdown5 vs. 5 Lethal Lockdown MatchKazarian
78%
2013Lockdown3-Team MatchKazarian
78%
2013Slammiversary4-Team Elimination MatchKazarian
78%
2011Destination XFatal 4-Way MatchLow Ki
78%
2014SlammiversaryTriple Threat Steel Cage MatchBobby Lashley
74%
2013Slammiversary4-Team Elimination MatchJames Storm
70%
2006Turning Point5-Way Elimination MatchJay Lethal
70%
2018Bound for GloryJohnny Impact
70%
2018SlammiversaryMoose
70%
2005UnbreakableRoderick Strong
65%
2005Turning PointTag Team MatchRoderick Strong
65%
2005Genesis8-Man Tag Team MatchRoderick Strong
65%
2011Bound for GloryBrian Kendrick
61%
2011No SurrenderBrian Kendrick
61%
2011Hardcore JusticeTriple Threat MatchBrian Kendrick
61%
2015SlammiversaryDavey Richards
61%
2014Lockdown4 vs. 4 Lethal Lockdown MatchDavey Richards
61%
2014Lockdown4 vs. 4 Lethal Lockdown MatchEddie Edwards
61%
2012Lockdown5 vs. 5 Lethal Lockdown MatchGunner
61%
2013Slammiversary4-Team Elimination MatchGunner
61%
2013Slammiversary4-Team Elimination MatchHernandez
61%
2013Lockdown3-Team MatchHernandez
61%
2006Final Resolution6-Man Tag Team MatchSonjay Dutt
61%
2006Turning Point5-Way Elimination MatchSonjay Dutt
61%
2018RedemptionTriple Threat MatchFenix
57%
2012GenesisFour-Corners MatchKid Kash
57%
2011Turning PointTriple Threat MatchKid Kash
57%
2011Final ResolutionKid Kash
57%
2013Bound for Glory5-Way Ultimate X MatchManik
57%
2018RedemptionTriple Threat MatchPentagon Jr.
57%
2011Destination XFatal 4-Way MatchZema Ion
57%
2012Victory RoadZema Ion
57%
2012GenesisFour-Corners MatchZema Ion
57%
2014Lockdown4 vs. 4 Lethal Lockdown MatchMVP
52%
2006GenesisTag Team MatchRon Killings
52%
2013Slammiversary4-Team Elimination MatchChavo Guerrero
48%
2013Lockdown3-Team MatchChavo Guerrero
48%
2012Lockdown5 vs. 5 Lethal Lockdown MatchEric Bischoff
48%
2006Turning Point5-Way Elimination MatchSenshi
39%
2007Against All OddsSenshi
39%
2007Destination XCrossface Chickenwing MatchSenshi
39%
2007LockdownSenshi
39%
2012No SurrenderUnsanctioned MatchThe Armbreaker
39%
2006Against All OddsTag Team MatchAndy Douglas
35%
2011Turning PointTriple Threat MatchJesse Sorensen
35%
2012GenesisFour-Corners MatchJesse Sorensen
35%
2014SlammiversaryKenny King
35%
2006Against All OddsTag Team MatchChase Stevens
30%
2011Destination XFatal 4-Way MatchJack Evans
30%
2006Final Resolution6-Man Tag Team MatchMatt Bentley
30%
2006GenesisTag Team MatchLance Hoyt
26%

Score Distribution

Percentile by Number Answered

Percent of People with Each Score

Your Score History

You have not taken this quiz